Obchodovať možno len s cennými papiermi
Možnosti účasti podnikateľských subjektov agrokomplexu na finančnom trhu. Informácie z oblasti kapitálového trhu ako jednej časti finančného trhu. Pasívna a aktívna účasť podnikov agrokomplexu na kapitálovom trhu. Prevod cenných papierov. Kapitálový trh s potravinami.
Salvato in:
| Autore principale: | |
|---|---|
| Natura: | Capitolo di libro |
| Lingua: | slovacco |
| Soggetti: | |
| Tags: |
Nessun Tag, puoi essere il primo ad aggiungerne!!
|
MARC
| LEADER | 00000naa a2200000 4500 | ||
|---|---|---|---|
| 001 | r022545 | ||
| 005 | 20230801104348.5 | ||
| 041 | 0 | |a slo | |
| 044 | |a SK | ||
| 245 | 1 | 0 | |a Obchodovať možno len s cennými papiermi |c P. Prokočák |
| 520 | |a Možnosti účasti podnikateľských subjektov agrokomplexu na finančnom trhu. Informácie z oblasti kapitálového trhu ako jednej časti finančného trhu. Pasívna a aktívna účasť podnikov agrokomplexu na kapitálovom trhu. Prevod cenných papierov. Kapitálový trh s potravinami. | ||
| 610 | 2 | 0 | |a Slovensko |
| 610 | 2 | 0 | |a 1993-1996 |
| 610 | 2 | 0 | |a trh finančný |
| 610 | 2 | 0 | |a trh kapitálový |
| 610 | 2 | 0 | |a agrokomplex |
| 610 | 2 | 0 | |a papiere cenné |
| 610 | 2 | 0 | |a potraviny |
| 100 | 1 | |a Prokočák, P. | |